| 000 | 00000nam##2200000za#4500 |
| 001 | 9.642154 |
| 003 | CaOODSP |
| 005 | 20210624223550 |
| 007 | cr ||||||||||| |
| 008 | 150407|1998||||xxc|||||o f|0| 0 fre|d |
| 040 | |aCaOODSP|bfre |
| 043 | |an-cn--- |
| 086 | 1 |aRH64-95/1998F-PDF |
| 110 | 1 |aCanada.|bDéveloppement des ressources humaines Canada. |
| 245 | 10|aDurées du chômage et des prestations : |h[ressource électronique]|brapport final / |crédigé par Stephen R. G. Jones. |
| 260 | |aOttawa - Ontario : |bDéveloppement des ressources humaines Canada |cMai 1998. |
| 300 | |a90p.|bfigures, références, tableaux |
| 590 | |a13-16-Supp|b2013-07-12 |
| 691 | 07|aAssurance-emploi|2gcpds |
| 775 | 08|tUnemployment and benefit durations : |w(CaOODSP)9.698161 |
| 856 | 40|ahttp://publications.gc.ca|qPDF|s246 Ko|uhttps://publications.gc.ca/collections/collection_2013/rhdcc-hrsdc/RH64-95-1998-fra.pdf |
| 986 | |aSP-AH050F-05-98 |